[Event "Magistral Endesa Norma GM"]
[Site "Santiago de Chile CHI"]
[Date "2007.10.12"]
[Round "5.1"]
[White "Valenzuela Fuentealba, Luis"]
[Black "Rojas Keim, Luis"]
[Result "0-1"]
[WhiteElo "2434"]
[BlackElo "2358"]
[PlyCount "116"]
[EventDate "2007.10.08"]
[EventType "tourn"]
[EventRounds "9"]
[EventCountry "CHI"]
[EventCategory "7"]
[Source "lmi"]
[SourceDate "2007.10.08"]

1. d4 Nf6 2. Nf3 g6 3. c4 Bg7 4. Nc3 d5 5. cxd5 Nxd5 6. e4 Nxc3 7. bxc3 c5 8.
Be3 O-O 9. Qd2 Bg4 10. Ng5 cxd4 11. cxd4 Nc6 12. h3 Bd7 13. Nf3 Rc8 14. Be2 Qa5
15. Rb1 b6 16. Bb5 Qxd2+ 17. Kxd2 f5 18. d5 Nb8 19. Rhc1 Rxc1 20. Kxc1 fxe4 21.
Ng5 Bh6 22. Nxe4 Bxe3+ 23. fxe3 Bxb5 24. Rxb5 Rf1+ 25. Kd2 Nd7 26. Rb3 Rg1 27.
g4 Rg2+ 28. Kd3 Rxa2 29. Rc3 Ra5 30. Rc8+ Kg7 31. d6 Ne5+ 32. Ke2 Ra2+ 33. Kf1
exd6 34. Rc7+ Kf8 35. Nxd6 a5 36. Rb7 Rb2 37. Rxh7 b5 38. Rb7 b4 39. Rb5 Nc6
40. Nc4 Rc2 41. Nxa5 Nxa5 42. Rxb4 Nc4 43. Rb7 Nxe3+ 44. Kg1 Nd5 45. g5 Nf4 46.
h4 Rg2+ 47. Kh1 Re2 48. Rb6 Ke7 49. Rb4 Nh5 50. Rb6 Kf7 51. Rb4 Ke6 52. Kg1 Kf5
53. Rb6 Re6 54. Rb4 Re4 55. Rb5+ Kg4 56. Rb6 Nf4 57. Kf2 Re2+ 58. Kf1 Rh2 0-1

[Event "Magistral Endesa Norma GM"]
[Site "Santiago de Chile CHI"]
[Date "2007.10.12"]
[Round "5.2"]
[White "Flores Rios, Mauricio"]
[Black "Lopez Silva, Hugo"]
[Result "1-0"]
[WhiteElo "2417"]
[BlackElo "2389"]
[PlyCount "79"]
[EventDate "2007.10.08"]
[EventType "tourn"]
[EventRounds "9"]
[EventCountry "CHI"]
[EventCategory "7"]
[Source "lmi"]
[SourceDate "2007.10.08"]

1. e4 e5 2. Nf3 Nc6 3. Bb5 a6 4. Ba4 Nf6 5. O-O b5 6. Bb3 Be7 7. Re1 d6 8. c3
O-O 9. h3 Bb7 10. d4 Re8 11. Nbd2 Bf8 12. d5 Nb8 13. Nf1 Nbd7 14. N3h2 Nc5 15.
Bc2 c6 16. b4 Ncd7 17. dxc6 Bxc6 18. Bg5 h6 19. Bxf6 Nxf6 20. Ng4 Nxg4 21. Qxg4
d5 22. exd5 Qxd5 23. Bb3 Qd7 24. Qh5 Qb7 25. Ne3 a5 26. a3 axb4 27. cxb4 Ra7
28. Qg6 Rc8 29. Ng4 Kh8 30. Qh5 f6 31. Qg6 Bd5 32. Bc2 Bg8 33. Be4 Qf7 34. Qf5
Rc3 35. Rad1 Rcxa3 36. Rd8 Ra1 37. Rxa1 Rxa1+ 38. Kh2 Ra7 39. Qc8 Rc7 40. Qb8
1-0

[Event "Magistral Endesa Norma GM"]
[Site "Santiago de Chile CHI"]
[Date "2007.10.12"]
[Round "5.3"]
[White "Valiente, Cristobal"]
[Black "Ricardi, Pablo"]
[Result "0-1"]
[WhiteElo "2275"]
[BlackElo "2519"]
[PlyCount "72"]
[EventDate "2007.10.08"]
[EventType "tourn"]
[EventRounds "9"]
[EventCountry "CHI"]
[EventCategory "7"]
[Source "lmi"]
[SourceDate "2007.10.08"]

1. c4 Nf6 2. Nc3 g6 3. g3 Bg7 4. Bg2 O-O 5. d4 d6 6. Nf3 Nc6 7. O-O a6 8. h3
Rb8 9. Bf4 b5 10. cxb5 axb5 11. Rc1 Ba6 12. d5 Na5 13. b4 Nc4 14. Nd4 Qe8 15.
Qd3 Nd7 16. Rc2 Ndb6 17. Nc6 Ra8 18. Bg5 f6 19. Bc1 Ne5 20. Nxe5 dxe5 21. Ne4
f5 22. Ng5 e4 23. Qb3 Nc4 24. Ne6 Qd7 25. Rd1 Rf6 26. Nc5 Qd8 27. a4 bxa4 28.
Nxa4 Rd6 29. b5 Na5 30. Qb4 Bb7 31. Nc5 Bxd5 32. Rcd2 Bf7 33. f3 Nc4 34. Rxd6
cxd6 35. Nb3 Qb6+ 36. Kh2 Ra2 0-1

[Event "Magistral Endesa Norma GM"]
[Site "Santiago de Chile CHI"]
[Date "2007.10.12"]
[Round "5.4"]
[White "Hellsten, Johann"]
[Black "Vasquez Schroder, Rodrigo"]
[Result "1/2-1/2"]
[WhiteElo "2534"]
[BlackElo "2522"]
[PlyCount "36"]
[EventDate "2007.10.08"]
[EventType "tourn"]
[EventRounds "9"]
[EventCountry "CHI"]
[EventCategory "7"]
[Source "lmi"]
[SourceDate "2007.10.08"]

1. d4 d5 2. c4 c6 3. Nf3 Nf6 4. Qb3 dxc4 5. Qxc4 Bf5 6. g3 e6 7. Bg2 Nbd7 8.
O-O Be7 9. e3 O-O 10. Qe2 Ne4 11. Rd1 Qc7 12. Nc3 Nxc3 13. bxc3 Be4 14. c4 Rfd8
15. Bb2 c5 16. Bf1 Bf6 17. Nd2 Bc2 18. Rdc1 Bg6 1/2-1/2

[Event "Magistral Endesa Norma GM"]
[Site "Santiago de Chile CHI"]
[Date "2007.10.12"]
[Round "5.5"]
[White "Alonso, Salvador"]
[Black "Valdes Escobar, Alvaro"]
[Result "1-0"]
[WhiteElo "2403"]
[BlackElo "2354"]
[PlyCount "99"]
[EventDate "2007.10.08"]
[EventType "tourn"]
[EventRounds "9"]
[EventCountry "CHI"]
[EventCategory "7"]
[Source "lmi"]
[SourceDate "2007.10.08"]

1. e4 c5 2. Nf3 d6 3. d4 cxd4 4. Nxd4 Nf6 5. Nc3 a6 6. Be3 e5 7. Nf3 Be7 8. Bc4
Be6 9. Bxe6 fxe6 10. Ng5 Qd7 11. Qf3 d5 12. O-O-O d4 13. Bxd4 exd4 14. e5 O-O
15. Qh3 Nh5 16. Qxh5 Bxg5+ 17. Qxg5 Nc6 18. f4 Kh8 19. Kb1 Rac8 20. Ne2 Qd5 21.
a3 b5 22. Qg3 b4 23. a4 Rb8 24. b3 Rbd8 25. Rd3 Qc5 26. Rhd1 Rd7 27. Qh3 Re8
28. g3 a5 29. Qg2 Red8 30. h4 Ne7 31. Kb2 Nf5 32. Qe4 h5 33. R1d2 Rd5 34. Qf3
g6 35. g4 hxg4 36. Qxg4 Rg8 37. h5 g5 38. fxg5 Rxe5 39. Qf4 Rf8 40. g6 Kg7 41.
Rf3 Rd5 42. Qe4 Nd6 43. h6+ Kxh6 44. Rh3+ Rh5 45. Qxe6 Rxh3 46. Qxh3+ Kxg6 47.
Qe6+ Rf6 48. Nf4+ Kg5 49. Rg2+ Kxf4 50. Qxf6+ 1-0

[Event "Magistral Endesa Norma GM"]
[Site "Santiago de Chile CHI"]
[Date "2007.10.13"]
[Round "6.1"]
[White "Rojas Keim, Luis"]
[Black "Valdes Escobar, Alvaro"]
[Result "1-0"]
[WhiteElo "2358"]
[BlackElo "2354"]
[PlyCount "63"]
[EventDate "2007.10.08"]
[EventType "tourn"]
[EventRounds "9"]
[EventCountry "CHI"]
[EventCategory "7"]
[Source "lmi"]
[SourceDate "2007.10.08"]

1. e4 c5 2. Nf3 d6 3. d4 cxd4 4. Nxd4 Nf6 5. Nc3 a6 6. Bc4 e6 7. Bb3 b5 8. Bg5
Be7 9. Qf3 Qc7 10. O-O-O Nbd7 11. Rhe1 O-O 12. Qg3 Nc5 13. Bh6 Ne8 14. Bd5 Bb7
15. Bxb7 Nxb7 16. a3 Kh8 17. Bg5 Rc8 18. f4 Bxg5 19. Qxg5 Nf6 20. Re3 Qc5 21.
e5 h6 22. Qg3 dxe5 23. fxe5 Nh7 24. Ne4 Qe7 25. Nd6 Rc7 26. h4 Rd8 27. Red3 Nc5
28. Rc3 Rdd7 29. Qf3 Na4 30. Rc6 Rxc6 31. Nxc6 Qf8 32. Qe3 1-0

[Event "Magistral Endesa Norma GM"]
[Site "Santiago de Chile CHI"]
[Date "2007.10.13"]
[Round "6.2"]
[White "Vasquez Schroder, Rodrigo"]
[Black "Alonso, Salvador"]
[Result "0-1"]
[WhiteElo "2522"]
[BlackElo "2403"]
[PlyCount "66"]
[EventDate "2007.10.08"]
[EventType "tourn"]
[EventRounds "9"]
[EventCountry "CHI"]
[EventCategory "7"]
[Source "lmi"]
[SourceDate "2007.10.08"]

1. e4 c5 2. Nf3 Nc6 3. d4 cxd4 4. Nxd4 Nf6 5. Nc3 d6 6. Bg5 e6 7. Qd2 Be7 8.
O-O-O O-O 9. f3 a6 10. h4 Nxd4 11. Qxd4 Qc7 12. Bc4 b5 13. Bb3 Rb8 14. Bxf6
Bxf6 15. Qxd6 Qa7 16. Kb1 a5 17. a3 a4 18. Ba2 Be7 19. Qd4 Bc5 20. Qe5 b4 21.
Nxa4 Be7 22. axb4 Rxb4 23. Bb3 Bd7 24. Rxd7 Qxd7 25. Qa5 Qc6 26. Qa7 Rb7 27.
Qd4 Ra8 28. Nc3 Rb4 29. Qd3 Bf6 30. Na2 Rd4 31. Qe3 Qb6 32. Qe1 Be5 33. Qc1 Qb8
0-1

[Event "Magistral Endesa Norma GM"]
[Site "Santiago de Chile CHI"]
[Date "2007.10.13"]
[Round "6.3"]
[White "Ricardi, Pablo"]
[Black "Hellsten, Johann"]
[Result "0-1"]
[WhiteElo "2519"]
[BlackElo "2534"]
[PlyCount "62"]
[EventDate "2007.10.08"]
[EventType "tourn"]
[EventRounds "9"]
[EventCountry "CHI"]
[EventCategory "7"]
[Source "lmi"]
[SourceDate "2007.10.08"]

1. e4 c5 2. Nf3 e6 3. d4 cxd4 4. Nxd4 a6 5. Be2 Nf6 6. Nc3 Bb4 7. O-O d6 8. Bg5
Nbd7 9. f4 h6 10. Bh4 Nf8 11. e5 dxe5 12. fxe5 Ng6 13. exf6 Nxh4 14. Ne4 g6 15.
c3 Bf8 16. Qa4+ Bd7 17. Qb3 Qc7 18. Rad1 O-O-O 19. Rd3 e5 20. Nf3 Bc5+ 21. Kh1
Be6 22. Rxd8+ Rxd8 23. Bc4 Bxc4 24. Qxc4 Nxf3 25. Rxf3 Ba3 26. Qe2 Bxb2 27. h3
Ba3 28. Rf1 Qc6 29. Rb1 Bf8 30. Kh2 Qd5 31. Rb3 h5 0-1

[Event "Magistral Endesa Norma GM"]
[Site "Santiago de Chile CHI"]
[Date "2007.10.13"]
[Round "6.4"]
[White "Lopez Silva, Hugo"]
[Black "Valiente, Cristobal"]
[Result "1-0"]
[WhiteElo "2389"]
[BlackElo "2275"]
[PlyCount "83"]
[EventDate "2007.10.08"]
[EventType "tourn"]
[EventRounds "9"]
[EventCountry "CHI"]
[EventCategory "7"]
[Source "lmi"]
[SourceDate "2007.10.08"]

1. e4 e5 2. Nf3 Nc6 3. Bc4 Bc5 4. O-O Nf6 5. d4 exd4 6. e5 d5 7. exf6 dxc4 8.
Re1+ Be6 9. Ng5 Qd5 10. Nc3 Qf5 11. Nce4 O-O-O 12. g4 Qe5 13. Nf3 Qd5 14. fxg7
Rhg8 15. Nf6 Qd6 16. Ne4 Qd5 17. Nf6 Qd6 18. Nxg8 Rxg8 19. Ng5 Rxg7 20. Nxe6
fxe6 21. h3 Qd5 22. Qe2 d3 23. Qxe6+ Qxe6 24. Rxe6 Nd4 25. Re8+ Kd7 26. Re4
Nxc2 27. Rxc4 b6 28. Rb1 Re7 29. Bg5 Re2 30. Rd1 Re1+ 31. Rxe1 Nxe1 32. Kf1 Nf3
33. Bf4 Ke6 34. Rc3 Kd5 35. Be3 Bd6 36. Rxd3+ Ke4 37. Rd1 Be5 38. b3 Nd4 39.
Bxd4 Bxd4 40. f4 c5 41. f5 Ke5 42. Kg2 1-0

[Event "Magistral Endesa Norma GM"]
[Site "Santiago de Chile CHI"]
[Date "2007.10.13"]
[Round "6.5"]
[White "Valenzuela Fuentealba, Luis"]
[Black "Flores Rios, Mauricio"]
[Result "1/2-1/2"]
[WhiteElo "2434"]
[BlackElo "2417"]
[PlyCount "176"]
[EventDate "2007.10.08"]
[EventType "tourn"]
[EventRounds "9"]
[EventCountry "CHI"]
[EventCategory "7"]
[Source "lmi"]
[SourceDate "2007.10.08"]

1. d4 Nf6 2. Nf3 g6 3. c4 Bg7 4. Nc3 O-O 5. e4 d6 6. Be2 e5 7. d5 a5 8. Bg5 h6
9. Bh4 Na6 10. Nd2 Qe8 11. a3 Bd7 12. b3 Nh7 13. O-O h5 14. f3 Bh6 15. Rb1 Be3+
16. Kh1 Bc5 17. Qc1 f5 18. exf5 gxf5 19. Na2 Qg6 20. b4 axb4 21. axb4 Be3 22.
Qc3 Qh6 23. Nb3 b6 24. Nac1 Qf4 25. g3 Bd4 26. Nxd4 exd4 27. gxf4 dxc3 28. Bd3
Rfb8 29. Be1 c2 30. Bxc2 Kf7 31. Nd3 Nf6 32. Bb3 Re8 33. Bd2 Re2 34. Rb2 Nb8
35. Re1 Rxe1+ 36. Bxe1 Ra3 37. b5 Bc8 38. Bb4 Ra1+ 39. Kg2 Nbd7 40. Ra2 Rxa2+
41. Bxa2 Nf8 42. h4 Ng6 43. Kg3 Ne8 44. Bb1 Ne7 45. Bc3 Ng6 46. Nb4 Ne7 47. Nc2
Ng6 48. Nd4 Ne7 49. Bd3 Bd7 50. Nc2 Bc8 51. Nb4 Bd7 52. Na6 Bc8 53. Nb8 Kf8 54.
Bh8 Kf7 55. Bd4 Kf8 56. Na6 Kf7 57. Bc2 Kf8 58. Bb3 Bd7 59. Nb8 Bc8 60. Bc2 Kf7
61. Na6 Kf8 62. Nb4 Bd7 63. Nd3 Ng6 64. Nf2 Ne7 65. Bd3 Bc8 66. Nh3 Bd7 67. Ng5
Bc8 68. Nh3 Bd7 69. Nf2 Bc8 70. Nd1 Bd7 71. Nc3 Kf7 72. Be3 Kf8 73. Ne2 Bc8 74.
Kh3 Kf7 75. Bd4 Bd7 76. Ng3 Kg6 77. Nh1 Bc8 78. Be3 Bd7 79. Ng3 Bc8 80. Ne2 Bd7
81. Nd4 Kf7 82. Kg3 Bc8 83. Nc6 Kf8 84. Bd4 Kf7 85. Nd8+ Kf8 86. Bc2 Bd7 87.
Bb3 Bc8 88. Ba4 Bd7 1/2-1/2

[Event "Magistral Endesa Norma GM"]
[Site "Santiago de Chile CHI"]
[Date "2007.10.13"]
[Round "7.1"]
[White "Flores Rios, Mauricio"]
[Black "Rojas Keim, Luis"]
[Result "1-0"]
[WhiteElo "2417"]
[BlackElo "2358"]
[PlyCount "73"]
[EventDate "2007.10.08"]
[EventType "tourn"]
[EventRounds "9"]
[EventCountry "CHI"]
[EventCategory "7"]
[Source "lmi"]
[SourceDate "2007.10.08"]

1. e4 e6 2. d4 d5 3. Nc3 Bb4 4. e5 Qd7 5. Qg4 f5 6. Qg3 b6 7. Bd2 Ba6 8. Bxa6
Nxa6 9. Qd3 Nb8 10. Nce2 Bxd2+ 11. Qxd2 Nh6 12. O-O-O Nc6 13. Nf3 O-O-O 14. Nf4
Nf7 15. h4 g6 16. Ng5 Nxg5 17. hxg5 Rhe8 18. Kb1 Re7 19. f3 Kb7 20. Nh3 Na5 21.
b3 Rc8 22. Nf2 c5 23. dxc5 Rxc5 24. c4 Nc6 25. Nd3 Ra5 26. Nb4 Nxe5 27. cxd5
Qd6 28. dxe6 Qxe6 29. Rhe1 Qf7 30. Nd5 Re8 31. Nf6 Re7 32. f4 Ng4 33. Qd6 Ne3
34. Rd3 Re6 35. Qd4 Nc2 36. Qd7+ Ka6 37. Qxf7 1-0

[Event "Magistral Endesa Norma GM"]
[Site "Santiago de Chile CHI"]
[Date "2007.10.13"]
[Round "7.2"]
[White "Valiente, Cristobal"]
[Black "Valenzuela Fuentealba, Luis"]
[Result "1/2-1/2"]
[WhiteElo "2275"]
[BlackElo "2434"]
[PlyCount "34"]
[EventDate "2007.10.08"]
[EventType "tourn"]
[EventRounds "9"]
[EventCountry "CHI"]
[EventCategory "7"]
[Source "lmi"]
[SourceDate "2007.10.08"]

1. c4 c6 2. Nf3 d5 3. e3 Nf6 4. d4 Bf5 5. Qb3 Qc7 6. cxd5 cxd5 7. Nc3 e6 8. Be2
Nc6 9. O-O a6 10. Bd2 Bd6 11. Rfc1 O-O 12. Be1 Rfc8 13. g3 b5 14. Qd1 Qb7 15.
Nh4 Bh3 16. Bf3 Ne7 17. Ne2 Bg4 1/2-1/2

[Event "Magistral Endesa Norma GM"]
[Site "Santiago de Chile CHI"]
[Date "2007.10.13"]
[Round "7.3"]
[White "Hellsten, Johann"]
[Black "Lopez Silva, Hugo"]
[Result "1-0"]
[WhiteElo "2534"]
[BlackElo "2389"]
[PlyCount "119"]
[EventDate "2007.10.08"]
[EventType "tourn"]
[EventRounds "9"]
[EventCountry "CHI"]
[EventCategory "7"]
[Source "lmi"]
[SourceDate "2007.10.08"]

1. d4 Nf6 2. c4 c5 3. d5 e6 4. Nc3 exd5 5. cxd5 d6 6. e4 g6 7. Bd3 Bg7 8. h3
O-O 9. Bg5 Nbd7 10. Nf3 a6 11. a4 Qc7 12. O-O c4 13. Bc2 Rb8 14. Be3 Re8 15.
Ba7 Ra8 16. Bd4 Nc5 17. Re1 Bd7 18. e5 Nh5 19. Bxc5 Qxc5 20. Ne4 Qb4 21. Nxd6
Re7 22. Re4 Bxe5 23. Nxe5 Qxd6 24. Nxc4 Qf6 25. Rxe7 Qxe7 26. Nb6 Rd8 27. Qd4
Qg5 28. h4 Nf4 29. hxg5 Ne2+ 30. Kh2 Nxd4 31. Be4 Bf5 32. Rd1 Nb3 33. Bxf5 gxf5
34. Kg3 Kg7 35. Kf4 Kg6 36. d6 Nc5 37. Ke5 Kxg5 38. d7 h5 39. Kd6 Nxd7 40. Nxd7
Rc8 41. Rd2 Rc4 42. a5 Ra4 43. Nc5 Rxa5 44. Nxb7 Ra2 45. Nd8 Kf6 46. Nc6 a5 47.
f4 a4 48. Nb4 Ra1 49. Nd5+ Kg6 50. Ne7+ Kf6 51. Rd5 Rb1 52. Rxf5+ Kg7 53. Rg5+
Kh6 54. Nf5+ Kh7 55. Rxh5+ Kg8 56. Rg5+ Kh7 57. Ke7 Rxb2 58. Kxf7 Rb7+ 59. Ne7
Kh6 60. g4 1-0

[Event "Magistral Endesa Norma GM"]
[Site "Santiago de Chile CHI"]
[Date "2007.10.13"]
[Round "7.4"]
[White "Alonso, Salvador"]
[Black "Ricardi, Pablo"]
[Result "1/2-1/2"]
[WhiteElo "2403"]
[BlackElo "2519"]
[PlyCount "29"]
[EventDate "2007.10.08"]
[EventType "tourn"]
[EventRounds "9"]
[EventCountry "CHI"]
[EventCategory "7"]
[Source "lmi"]
[SourceDate "2007.10.08"]

1. e4 e5 2. Nf3 Nc6 3. Bb5 a6 4. Ba4 Nf6 5. O-O b5 6. Bb3 Be7 7. Re1 O-O 8. h3
Bb7 9. d3 d6 10. a3 Re8 11. Nc3 h6 12. Nd5 Bf8 13. c3 Nb8 14. Nxf6+ Qxf6 15.
Nh2 1/2-1/2

[Event "Magistral Endesa Norma GM"]
[Site "Santiago de Chile CHI"]
[Date "2007.10.13"]
[Round "7.5"]
[White "Valdes Escobar, Alvaro"]
[Black "Vasquez Schroder, Rodrigo"]
[Result "1/2-1/2"]
[WhiteElo "2354"]
[BlackElo "2522"]
[PlyCount "38"]
[EventDate "2007.10.08"]
[EventType "tourn"]
[EventRounds "9"]
[EventCountry "CHI"]
[EventCategory "7"]
[Source "lmi"]
[SourceDate "2007.10.08"]

1. e4 c5 2. c4 Nc6 3. Ne2 g6 4. d4 cxd4 5. Nxd4 Bg7 6. Be3 Nf6 7. Nc3 O-O 8.
Be2 b6 9. O-O Bb7 10. f3 Qb8 11. Qd2 Rd8 12. Rfd1 d6 13. Rac1 Rd7 14. Bf1 Qf8
15. Nxc6 Bxc6 16. Qf2 e6 17. Rd2 h6 18. Rcd1 Rad8 19. Nb5 Qe7 1/2-1/2

[Event "Magistral Endesa Norma GM"]
[Site "Santiago de Chile CHI"]
[Date "2007.10.14"]
[Round "8.2"]
[White "Ricardi, Pablo"]
[Black "Valdes Escobar, Alvaro"]
[Result "1-0"]
[WhiteElo "2519"]
[BlackElo "2354"]
[PlyCount "111"]
[EventDate "2007.10.08"]
[EventType "tourn"]
[EventRounds "9"]
[EventCountry "CHI"]
[EventCategory "7"]
[Source "lmi"]
[SourceDate "2007.10.08"]

1. e4 c5 2. Nf3 d6 3. d4 cxd4 4. Nxd4 Nf6 5. Nc3 a6 6. Bg5 e6 7. f4 Be7 8. Qf3
Qc7 9. O-O-O h6 10. Bxf6 Bxf6 11. Be2 Nc6 12. Nb3 Bd7 13. g4 O-O-O 14. h4 Be7
15. g5 hxg5 16. hxg5 g6 17. Kb1 Rdg8 18. Qf2 Kb8 19. Nd2 Na5 20. Qd4 Rxh1 21.
Rxh1 Qc5 22. Qxc5 dxc5 23. Rh7 Be8 24. e5 Nc6 25. Nce4 Nd8 26. b3 Kc7 27. Kb2
b5 28. a3 Bc6 29. Bf3 Bxe4 30. Bxe4 Kd7 31. a4 Ke8 32. Nb1 Kf8 33. Na3 b4 34.
Nc4 Ke8 35. Nb6 c4 36. Nxc4 Bc5 37. Kc1 Kd7 38. Kd2 Ke7 39. Ke2 Kd7 40. Nb2 Kc7
41. Nd3 Be7 42. Nf2 Kd7 43. Ng4 Rf8 44. Kd3 Rg8 45. Nh6 Rf8 46. Kc4 Ke8 47. Kd3
Kd7 48. Ke2 Ke8 49. Kf3 Kd7 50. Kg4 Ke8 51. Nxf7 Rxf7 52. Bxg6 Kf8 53. Bxf7
Nxf7 54. Kh5 Bc5 55. g6 Nd8 56. Rh8+ 1-0

[Event "Magistral Endesa Norma GM"]
[Site "Santiago de Chile CHI"]
[Date "2007.10.14"]
[Round "8.4"]
[White "Valenzuela Fuentealba, Luis"]
[Black "Hellsten, Johann"]
[Result "1/2-1/2"]
[WhiteElo "2434"]
[BlackElo "2534"]
[PlyCount "26"]
[EventDate "2007.10.08"]
[EventType "tourn"]
[EventRounds "9"]
[EventCountry "CHI"]
[EventCategory "7"]
[Source "lmi"]
[SourceDate "2007.10.08"]

1. d4 Nf6 2. Nf3 e6 3. c4 b6 4. a3 Ba6 5. Qc2 Bb7 6. Nc3 c5 7. e4 cxd4 8. Nxd4
d6 9. Be2 a6 10. Be3 Be7 11. O-O O-O 12. Rfd1 Qc7 13. Rac1 Nbd7 1/2-1/2

[Event "Magistral Endesa Norma GM"]
[Site "Santiago de Chile CHI"]
[Date "2007.10.14"]
[Round "8.5"]
[White "Flores Rios, Mauricio"]
[Black "Valiente, Cristobal"]
[Result "1/2-1/2"]
[WhiteElo "2417"]
[BlackElo "2275"]
[PlyCount "25"]
[EventDate "2007.10.08"]
[EventType "tourn"]
[EventRounds "9"]
[EventCountry "CHI"]
[EventCategory "7"]
[Source "lmi"]
[SourceDate "2007.10.08"]

1. e4 d6 2. d4 g6 3. Nc3 Bg7 4. Be3 c6 5. Qd2 Nd7 6. O-O-O b5 7. h4 h5 8. Nh3
Ngf6 9. f3 Qa5 10. Kb1 Bb7 11. Ng5 b4 12. Ne2 c5 13. dxc5 1/2-1/2

[Event "Magistral Endesa Norma GM"]
[Site "Santiago de Chile CHI"]
[Date "2007.10.14"]
[Round "9.1"]
[White "Valiente, Cristobal"]
[Black "Rojas Keim, Luis"]
[Result "1/2-1/2"]
[WhiteElo "2275"]
[BlackElo "2358"]
[PlyCount "41"]
[EventDate "2007.10.08"]
[EventType "tourn"]
[EventRounds "9"]
[EventCountry "CHI"]
[EventCategory "7"]
[Source "lmi"]
[SourceDate "2007.10.08"]

1. c4 c6 2. d4 d5 3. Nf3 dxc4 4. a4 b5 5. Nc3 b4 6. Nb1 Nf6 7. e3 e6 8. Bxc4
Nbd7 9. O-O a5 10. Qe2 Bb7 11. e4 Be7 12. Rd1 O-O 13. Bf4 Re8 14. Ne5 Nxe5 15.
Bxe5 Qb6 16. Nd2 c5 17. Bb5 Bc6 18. Bxc6 Qxc6 19. Rdc1 Nd7 20. Bf4 Qb7 21. Nb3
1/2-1/2

[Event "Magistral Endesa Norma GM"]
[Site "Santiago de Chile CHI"]
[Date "2007.10.14"]
[Round "9.2"]
[White "Hellsten, Johann"]
[Black "Flores Rios, Mauricio"]
[Result "1-0"]
[WhiteElo "2534"]
[BlackElo "2417"]
[PlyCount "99"]
[EventDate "2007.10.08"]
[EventType "tourn"]
[EventRounds "9"]
[EventCountry "CHI"]
[EventCategory "7"]
[Source "lmi"]
[SourceDate "2007.10.08"]

1. d4 Nf6 2. c4 g6 3. Nc3 Bg7 4. e4 d6 5. Bg5 O-O 6. Qd2 c5 7. d5 a6 8. a4 e6
9. Nge2 exd5 10. cxd5 Nbd7 11. Ng3 Qa5 12. Be2 Re8 13. O-O h5 14. f3 Nh7 15.
Bh6 Bh8 16. Nh1 c4 17. Nf2 Nc5 18. Bxc4 Bd7 19. Nd3 Bxc3 20. bxc3 Nxa4 21. Be3
Qxc3 22. Qa2 Rec8 23. Rac1 Qg7 24. Qf2 Nc3 25. Nb2 Na4 26. Bd4 Qf8 27. Nd3 Rc7
28. Bb3 Rac8 29. Rxc7 Rxc7 30. e5 Rc8 31. e6 Bb5 32. Bxa4 Bxa4 33. Nf4 Be8 34.
Nxh5 Qh6 35. Ng3 Qg5 36. exf7+ Bxf7 37. Ne4 Qxd5 38. Ba1 b5 39. Qb2 Qe5 40. Qa3
Qe7 41. Qxa6 Rb8 42. Re1 Kf8 43. Bc3 Qc7 44. Bb4 Qb6+ 45. Qxb6 Rxb6 46. Nxd6
Kg8 47. Re7 Bc4 48. Re8+ Kg7 49. Bc3+ Kh6 50. Nxc4 1-0

[Event "Magistral Endesa Norma GM"]
[Site "Santiago de Chile CHI"]
[Date "2007.10.14"]
[Round "9.3"]
[White "Alonso, Salvador"]
[Black "Valenzuela Fuentealba, Luis"]
[Result "1/2-1/2"]
[WhiteElo "2403"]
[BlackElo "2434"]
[PlyCount "23"]
[EventDate "2007.10.08"]
[EventType "tourn"]
[EventRounds "9"]
[EventCountry "CHI"]
[EventCategory "7"]
[Source "lmi"]
[SourceDate "2007.10.08"]

1. e4 c5 2. Nf3 d6 3. d4 cxd4 4. Nxd4 Nf6 5. Nc3 a6 6. g3 e5 7. Nb3 Be7 8. a4
O-O 9. Bg2 Be6 10. O-O Nbd7 11. a5 Qc7 12. Nd5 1/2-1/2

[Event "Magistral Endesa Norma GM"]
[Site "Santiago de Chile CHI"]
[Date "2007.10.14"]
[Round "9.4"]
[White "Valdes Escobar, Alvaro"]
[Black "Lopez Silva, Hugo"]
[Result "1-0"]
[WhiteElo "2354"]
[BlackElo "2389"]
[PlyCount "75"]
[EventDate "2007.10.08"]
[EventType "tourn"]
[EventRounds "9"]
[EventCountry "CHI"]
[EventCategory "7"]
[Source "lmi"]
[SourceDate "2007.10.08"]

1. c4 c5 2. Nf3 g6 3. d4 cxd4 4. Nxd4 Bg7 5. e4 Nc6 6. Be3 d6 7. Nc3 Nf6 8. Be2
O-O 9. O-O Bd7 10. Qd2 a6 11. f3 Qa5 12. Rfd1 Rfc8 13. Rac1 Rab8 14. b3 Nxd4
15. Bxd4 b5 16. e5 dxe5 17. Bxe5 Ra8 18. Bxf6 Bxf6 19. Nd5 Qxd2 20. Nxf6+ exf6
21. Rxd2 Be8 22. c5 b4 23. Rd6 a5 24. Rxf6 a4 25. Rb6 axb3 26. axb3 Ra5 27. c6
Re5 28. Bb5 Re3 29. Rc4 Kf8 30. c7 Bxb5 31. Rxb5 Ke7 32. Rbxb4 Kd6 33. Kf2 Re5
34. Rb6+ Kd7 35. Rb7 Re6 36. Kg3 Rc6 37. Rxc6 Kxc6 38. Rb4 1-0